[Event "3. Winter-Open 2024"]
[Site "Nuernberg"]
[Date "2024.02.10"]
[Round "2.25"]
[White "Heron, Doris"]
[Black "Dreiseitel, Werner"]
[Result "0-1"]
[WhiteElo "1021"]
[BlackElo "1466"]
[PlyCount "44"]
[EventDate "2024.??.??"]
[BlackTeam "SC Schwarz-Wei  N rnberg S d e.V"]

1. d4 d5 2. Bf4 Bf5 3. e3 e6 4. Nf3 Nf6 5. c4 Bxb1 6. Qxb1 Bb4+ 7. Nd2 Ne4 8. Ke2 Nxd2 9. Qd1 Nxc4 10. Qb3 Nc6 11. a3 N4a5 12. Qa4 Bd6 13. Bg3 O-O 14. b4 Nc4 15. Qc2 e5 16. Kd1 exd4 17. Bxc4 dxc4 18. Qxc4 dxe3 19. Ke2 Bxg3 20. hxg3 Qd2+ 21. Kf3 Qxf2+ 22. Kg4 Ne5+ 0-1

[Event "3. Winter-Open 2024"]
[Site "Nuernberg"]
[Date "2024.02.10"]
[Round "2.26"]
[White "Ayhan, Elian"]
[Black "Spear, Jonas"]
[Result "0-1"]
[WhiteElo "1365"]
[BlackElo "1200"]
[PlyCount "66"]
[EventDate "2024.??.??"]
[WhiteTeam "BSG W hrlhaus Erlangen"]
[BlackTeam "SC J KLECHEMIE Talente Franken e"]

1. d4 Nf6 2. c4 e6 3. Nc3 Bb4 4. Qc2 d5 5. e3 Ne4 6. Nge2 dxc4 7. Qxe4 Qd5 8. Qxd5 exd5 9. a3 Ba5 10. Nf4 Be6 11. Bd2 Nd7 12. Nfxd5 Bxc3 13. Nxc3 O-O 14. d5 Bf5 15. Bxc4 Nb6 16. Be2 Rad8 17. e4 Bg6 18. O-O c6 19. Be3 Rfe8 20. dxc6 bxc6 21. Bf3 Re7 22. Rfe1 Nc4 23. Bxa7 Rxa7 24. Re2 Rb8 25. Rd1 h6 26. Rb1 Rab7 27. a4 Rb3 28. Nd1 Ra8 29. Rc2 Na3 30. bxa3 Rxb1 31. g3 Rxa4 32. Kg2 Rxd1 33. Bxd1 Bxe4+ 0-1

[Event "3. Winter-Open 2024"]
[Site "Nuernberg"]
[Date "2024.02.10"]
[Round "2.27"]
[White "Biesler, Tobias"]
[Black "Atturi, Sathwik Reddy"]
[Result "1-0"]
[WhiteElo "1200"]
[BlackElo "1332"]
[PlyCount "61"]
[EventDate "2024.??.??"]
[WhiteTeam "SC Sulzbach-Rosenberg"]
[BlackTeam "Spvg Zabo-Eintracht N rnberg e.V"]

1. e4 e5 2. Nf3 Nc6 3. Bc4 Bc5 4. O-O Nf6 5. Nc3 O-O 6. d3 h6 7. Nd5 d6 8. Qe2 Bg4 9. c3 Re8 10. b4 Bb6 11. a4 a5 12. b5 Nb8 13. Nxb6 cxb6 14. Ba3 Qc7 15. h3 Bh5 16. g4 Bg6 17. Qe3 Nbd7 18. Nh4 Bh7 19. Nf5 Bxf5 20. gxf5 Nc5 21. Kh1 Qd8 22. Rg1 Kf8 23. Qg3 Nh5 24. Qg4 Qg5 25. Qxg5 hxg5 26. Rxg5 Nf4 27. Kh2 Red8 28. Rag1 Nfxd3 29. Rxg7 Nxf2 30. Rxf7+ Ke8 31. Rg8# 1-0

[Event "3. Winter-Open 2024"]
[Site "Nuernberg"]
[Date "2024.02.10"]
[Round "2.28"]
[White "Kaplan, B sra"]
[Black "Bharathula, Agasthya"]
[Result "0-1"]
[WhiteElo "1200"]
[BlackElo "1318"]
[PlyCount "136"]
[EventDate "2024.??.??"]
[WhiteTeam "SC J KLECHEMIE Talente Franken e"]
[BlackTeam "SC Noris-Tarrasch N rnberg 1873"]

1. e4 e5 2. Nf3 Nc6 3. Nc3 Bc5 4. Bc4 d6 5. O-O a6 6. d3 Bg4 7. b3 Nd4 8. h3 Nxf3+ 9. gxf3 Bxh3 10. Re1 Qf6 11. Kh2 Bd7 12. Be3 Qh4+ 13. Kg1 Bxe3 14. Rxe3 Bh3 15. Ne2 Qg5+ 16. Ng3 h5 17. Kh2 Bd7 18. Nf5 Bxf5 19. exf5 Qxf5 20. Qe1 c6 21. b4 d5 22. Bb3 Qf4+ 23. Kg1 h4 24. Rxe5+ Kd7 25. Bxd5 Qf6 26. d4 Ne7 27. c4 Nxd5 28. cxd5 Rae8 29. f4 Rxe5 30. dxc6+ bxc6 31. fxe5 Qf3 32. Qe3 Qxe3 33. fxe3 Ke6 34. Rc1 Kd7 35. Kf2 g5 36. Rg1 h3 37. Kg3 h2 38. Rh1 Ke6 39. Rxh2 Rxh2 40. Kxh2 Kd5 41. Kg3 Ke4 42. Kf2 g4 43. Kg3 Kxe3 44. Kxg4 Kxd4 45. Kf5 Kd5 46. a3 Kd4 47. Kf6 Kd5 48. Kf5 Kd4 49. Kf6 Kd5 50. Kf5 c5 51. Kf6 c4 52. a4 c3 53. b5 axb5 54. axb5 c2 55. b6 c1=Q 56. b7 Qb1 57. Kxf7 Qxb7+ 58. Kf6 Qc6+ 59. Kf5 Qe6+ 60. Kf4 Qxe5+ 61. Kf3 Qe4+ 62. Kf2 Qd3 63. Kg2 Qe3 64. Kh2 Qf3 65. Kg1 Qe2 66. Kh1 Ke4 67. Kg1 Kf3 68. Kh1 Qg2# 0-1

[Event "3. Winter-Open 2024"]
[Site "Nuernberg"]
[Date "2024.02.10"]
[Round "2.29"]
[White "Bharathula, Akhila"]
[Black "Ziegler, Jonas"]
[Result "0-1"]
[WhiteElo "1264"]
[BlackElo "1200"]
[PlyCount "102"]
[EventDate "2024.??.??"]
[WhiteTeam "SC Noris-Tarrasch N rnberg 1873"]

1. d4 Nf6 2. c4 e6 3. Nc3 Bb4 4. Bd2 d5 5. e3 O-O 6. a3 Bxc3 7. Bxc3 b6 8. Bb4 Re8 9. Nf3 Nbd7 10. cxd5 exd5 11. Bb5 Ne4 12. Bc6 Rb8 13. Ne5 Nef6 14. Bxd5 Nxd5 15. Nc6 Qh4 16. Nxb8 Nxe3 17. Qd3 Ng4+ 18. Kd2 Qxf2+ 19. Kc1 Nxb8 20. Rf1 Ba6 21. Rxf2 Bxd3 22. Rf3 Bg6 23. Kd2 a5 24. Bc3 Nxh2 25. Rg3 h5 26. Rd1 Nd7 27. Re3 Rxe3 28. Kxe3 Ng4+ 29. Kf3 Be4+ 30. Kf4 Bxg2 31. d5 Ndf6 32. d6 cxd6 33. Rg1 Be4 34. Be1 d5 35. Kg5 Nh2 36. Kf4 Nf3 37. Rf1 g5+ 38. Ke3 d4+ 39. Ke2 Nd5 40. Bf2 g4 41. Rd1 Nf4+ 42. Kf1 Bd3+ 43. Rxd3 Nxd3 44. Bg3 h4 45. Bc7 h3 46. Ke2 Nde5 47. b4 h2 48. bxa5 bxa5 49. Bxa5 h1=Q 50. Kf2 Qg1+ 51. Ke2 d3# 0-1

[Event "3. Winter-Open 2024"]
[Site "Nuernberg"]
[Date "2024.02.10"]
[Round "2.30"]
[White "Yanpala, Oguz Faruk"]
[Black "Assem Gawdat Azmy, Mostafa"]
[Result "0-1"]
[WhiteElo "1196"]
[BlackElo "1200"]
[PlyCount "52"]
[EventDate "2024.??.??"]
[WhiteTeam "SC J KLECHEMIE Talente Franken e"]
[BlackTeam "SC Erlangen 48/88"]

1. e4 c5 2. Nc3 d6 3. Nf3 Nf6 4. d4 cxd4 5. Nxd4 a6 6. Bg5 e6 7. Bc4 Be7 8. Qd3 Nc6 9. Nxc6 bxc6 10. O-O O-O 11. Rad1 d5 12. exd5 cxd5 13. Qf3 Qc7 14. Bb3 Bb7 15. Qe3 Rad8 16. Qc1 Ng4 17. g3 Bxg5 18. Qxg5 Ne5 19. f4 Qb6+ 20. Kg2 d4+ 21. Kh3 f6 22. Na4 Qc6 23. Qf5 Qg2+ 24. Kh4 Qxh2+ 25. Qh3 Ng6+ 26. Kg4 f5+ 0-1